U.S. States that are the Highest Percent German - Statistics

General Stats
  • This quiz has been taken 15 times
  • The average score is 12 of 15
Answer Stats
% Answer % Correct
19.05 Indiana
93%
22.99 Kansas
87%
17.59 Michigan
87%
20.95 Missouri
87%
30.19 Nebraska
87%
22.01 Ohio
87%
21.49 Pennsylvania
87%
17.38 Colorado
80%
22.24 Montana
80%
33.66 North Dakota
80%
31.86 South Dakota
80%
35.33 Wisconsin
80%
21.17 Wyoming
80%
30.21 Iowa
73%
28.58 Minnesota
73%
No matching quizzes found
Score Distribution
Percent of People with Each Score
Percentile by Number Answered
Your Score History
You have not taken this quiz